| 000 | 00564nam a2200181 a 4500 | ||
|---|---|---|---|
| 001 | 000037735 | ||
| 005 | 20201002031116.0 | ||
| 008 | 130304s1981 sp 000 0 spa d | ||
| 020 | _a8440611242 | ||
| 040 |
_aDO-SdBNP _bspa _cBNPHU |
||
| 100 | 1 |
_aSimenon, Georges _964200 |
|
| 240 | 1 | 0 |
_aMémoires intimes _lEspañol |
| 245 | 1 | 0 |
_aMemorias íntimas / _cGeorges Simenon ; traducción Basilio Losada. |
| 260 |
_aBarcelona : _bGrupo Zeta , _c1981. |
||
| 300 |
_a1353 p. : ; _c19 cm. |
||
| 500 | _aTraducido del idioma inglés | ||
| 700 | 1 |
_aLosada, Basilio _etr. _912953 |
|
| 999 |
_c37225 _d37225 |
||